000 00371nam a2200157Ia 4500
008 230524s9999 xx 000 0 und d
082 _a621.3812
_bSEN
100 _aP.C.Sen
245 0 _aModern Power Electronics
250 _a1ST
260 _aNEW DELHI
_bWheeler
_c1998
300 _aXII;974
500 _aQuantity Number: 2
650 _aElectronics
942 _cBK
999 _c17630
_d17630